1882 1609 1189 1479 1385 1555 1897 1511 1957 1522 1135 1916 1940 1919 1972 1530 1195 1663 1532 1816 1703 1583 1309 1504 1857 1825 1967 1689 1095 1674 1669 1921 1341 1248 1726 1791 1435 1027 1468 1010 1558 1317 1576 1430 1613 1739 1306 1145 1243 1521 1458 1397 1686 1638 1957 1478 1484 1037 1801 1731 1571 1695 1129 1526 1233 1342 1359 1585 1163 1198 1872 1634 1472 1415 1139 1686 1616 1588 1220 1118 1160 1145 1200 1564 1954 1483 1439 1181 1789 1183 1744 1638 1250 1105 1338 1924 1685 1017 1799 BCNSPRNW ULIB Ver.6.0+V

เปลี่ยนเป็นภาษาไทย

Change to English
 แสดงรายละเอียดบรรณานุกรม
  กลับหน้าหลัก

Brief Record : Get Marc (ISO 2709) : E-mail record : QR code < ปิดหน้าต่าง
LEADER : 00000nam 2200000uu 4500
001    13399113161
003     ULIB
008    110929s2551||||th 000 0 tha d
020    9789749742280
050  4 QA76.75^bส784ค 2551
100 0  สุธารัตน์ วาจะเสน
245 10 คู่มือ+DVD แปลงไฟล์โหลดคลิป ริปแผ่น /^cสุธารัตน์ วาจะเสน
260    กรุงเทพฯ :^bโปรวิชั่น,^c2551
300    160 หน้า :^bภาพประกอบ ;^c22 ซม.
650  7 การประมวลผลภาพ
650  7 แปลงไฟล์
710 1  โปรวิชั่น
945    ^p169^l0^i025028
995    ทศพร
999 ^a ทศพร
รายการนี้ยังไม่มีแท็ก
คุณยังไม่ได้ล็อกอิน คุณสามารถมีกิจกรรมร่วมกับเว็บไซต์ได้ แต่ต้องล็อกอินก่อน ::
  ล็อกอิน

รายการสื่อสารสนเทศ

ลำดับที่ ประเภท เลขเรียก/บาร์โค้ด สถานที่ สถานะ
- ไม่พบข้อมูล -

รายการใกล้เคียง
    ผู้แต่ง [สุธารัตน์ วาจะเสน]

    หัวเรื่อง [การประมวลผลภาพ]
    หัวเรื่อง [แปลงไฟล์]

BibComment


ยังไม่เคยถูกคอมเมนท์

คอมเมนท์ทรัพยากรรายการนี้
  คอมเมนท์: คู่มือDVD แปลงไฟล..


 Copyright 2026. Bcnsprnw @Library